Derelictio e acquisto delle Res pro derelicto habitae: lettura delle fonti e tradizione sistematica

Guardat en:
Dades bibliogràfiques
Autor principal: Vacca, Letizia (Autor)
Format: Llibre
Idioma:italià
Publicat: Milán Dott. A. Giuffre 1984
Col·lecció:Pubblicazioni della Facolta di Giurisprudenza della Universita de Pisa, 82
Matèries:
Etiquetes: Afegir etiqueta
Sense etiquetes, Sigues el primer a etiquetar aquest registre!

MARC

LEADER 00000nam a2200000 a 4500
001 UCV3561
003 CL-VaPUC
008 930908e19840000IT |||||||||||||||||ita|d
082 0 4 |a 340.54  |b VAC  |2 21 
100 0 |a Vacca, Letizia  |e author  |9 297805 
245 1 0 |a Derelictio e acquisto delle Res pro derelicto habitae: lettura delle fonti e tradizione sistematica 
300 |a 179 p 
942 |c BK 
945 |d 19930908 00:00:00 
260 |a Milán  |b Dott. A. Giuffre  |c 1984 
650 0 |a Derecho romano  |9 255930 
583 |a last modification  |c 19930908 00:00:00  |k Rodrigo Vera 
490 0 |a Pubblicazioni della Facolta di Giurisprudenza della Universita de Pisa, 82 
999 |c 210724  |d 210722 
952 |0 0  |1 0  |4 0  |6 340_540000000000000_VAC_1984  |7 0  |8 DER_ROM  |9 187190  |a BIBDER  |b BIBDER  |d 2019-11-14  |i 2548852  |o 340.54 VAC 1984  |p 2548852  |r 2023-01-25  |w 2019-11-14  |x Ubicación 4to piso  |y BK  |z Este recurso debe solicitarse con anticipación  |k DER